[Event "Titled Tuesday intern op 20th May Late"]
[Site "Chess.com INT"]
[Date "2025.05.20"]
[Round "4"]
[White "Goncharov, Vladimir"]
[Black "Zou, Chen"]
[Result "0-1"]
[WhiteElo "2077"]
[BlackElo "2443"]
[PlyCount "130"]
[EventDate "2025.05.20"]
[EventType "swiss (blitz)"]
[EventRounds "11"]
[EventCountry "USA"]
[SourceTitle "CB22_2025"]
[SourceDate "2025.05.28"]
[SourceVersion "1"]
[SourceVersionDate "2025.05.28"]
[SourceQuality "1"]

1. d4 Nf6 2. c4 g6 3. Nc3 d5 4. e3 Bg7 5. Nf3 0-0 6. Be2 dxc4 7. Bxc4 c5 8. d5 Bg4 9. 0-0 Nbd7 10. Be2 Bxf3 11. Bxf3 Ne8 12. e4 Nd6 13. Be2 c4 14. Be3 b5 15. a3 a5 16. Bd4 Bxd4 17. Qxd4 Rb8 18. Rad1 b4 19. axb4 axb4 20. Nb1 Rc8 21. e5 Nf5 22. Qf4 c3 23. bxc3 bxc3 24. Rc1 Qa5 25. e6 fxe6 26. dxe6 Nb6 27. Bd3 Qd5 28. Be4 Qxe6 29. Rfe1 Nd6 30. Qh4 Nxe4 31. Rxe4 Qf6 32. Qxf6 exf6 33. Rxc3 Nd5 34. Rxc8 Rxc8 35. Re1 Kf7 36. Nd2 Nf4 37. Nf3 Rc2 38. Rd1 g5 39. h3 h5 40. Kf1 Kg6 41. Nd4 Ra2 42. Nc6 h4 43. Ne7+ Kf7 44. Nd5 Ne6 45. Ne3 Rb2 46. Nd5 Ra2 47. Nc3 Rc2 48. Nd5 Kg6 49. Re1 Nd4 50. Ne3 Ra2 51. Rd1 Ne6 52. Ng4 Nf4 53. Ne3 f5 54. Nd5 Ne6 55. Nc3 Rc2 56. Ne2 Nc5 57. f3 Nb3 58. Rd6+ Kf7 59. Nd4 Rc1+ 60. Ke2 Nxd4+ 61. Rxd4 Kf6 62. Rd2 Rc3 63. Kf2 Rc6 64. Re2 Rd6 65. Rd2 Rxd2+ 0-1

[Event "Titled Tuesday intern op 20th May Late"]
[Site "Chess.com INT"]
[Date "2025.05.20"]
[Round "9"]
[White "Wuebker, Paul Luca"]
[Black "Goncharov, Vladimir"]
[Result "1/2-1/2"]
[WhiteElo "2244"]
[BlackElo "2077"]
[PlyCount "84"]
[EventDate "2025.05.20"]
[EventType "swiss (blitz)"]
[EventRounds "11"]
[EventCountry "USA"]
[SourceTitle "CB22_2025"]
[SourceDate "2025.05.28"]
[SourceVersion "1"]
[SourceVersionDate "2025.05.28"]
[SourceQuality "1"]

1. e4 e6 2. Nf3 d5 3. exd5 exd5 4. d4 Nc6 5. Be2 Bd6 6. 0-0 Nge7 7. Bg5 h6 8. Bh4 Bf5 9. c3 0-0 10. Nbd2 Qd7 11. Bg3 Ng6 12. Nh4 Bxg3 13. hxg3 Nxh4 14. gxh4 Rfe8 15. Re1 Ne7 16. Bf3 Ng6 17. g3 c6 18. Qa4 a6 19. Bg2 Bd3 20. Nf3 Be4 21. Re3 Bxf3 22. Rxe8+ Rxe8 23. Bxf3 Qf5 24. Kg2 Nf8 25. Qd1 Nh7 26. Qb1 Qd7 27. Qd3 Nf6 28. a4 g6 29. a5 Kg7 30. b4 g5 31. hxg5 hxg5 32. Rh1 g4 33. Bd1 Re4 34. Bc2 Qe6 35. Qd2 Kf8 36. Bxe4 Qxe4+ 37. Kg1 Qb1+ 38. Kh2 Qh7+ 39. Kg2 Qe4+ 40. Kg1 Qb1+ 41. Kh2 Qh7+ 42. Kg2 Qe4+ 1/2-1/2

[Event "Titled Tuesday intern op 06th May Early"]
[Site "Chess.com INT"]
[Date "2025.05.06"]
[Round "7"]
[White "Goncharov, Vladimir"]
[Black "Bardyk, Artem"]
[Result "0-1"]
[WhiteElo "2077"]
[BlackElo "2284"]
[PlyCount "58"]
[EventDate "2025.05.06"]
[EventType "swiss (blitz)"]
[EventRounds "11"]
[EventCountry "USA"]
[SourceTitle "CB20_2025"]
[SourceDate "2025.05.14"]
[SourceVersion "1"]
[SourceVersionDate "2025.05.14"]
[SourceQuality "1"]

1. d4 Nf6 2. c4 e6 3. Nf3 d5 4. g3 dxc4 5. Bg2 Nbd7 6. Qa4 a6 7. Nc3 c5 8. 0-0 Be7 9. dxc5 Bxc5 10. Qxc4 0-0 11. Qb3 Ra7 12. a4 b6 13. Bg5 h6 14. Bf4 Bb7 15. Rfd1 Qa8 16. Bd6 Rc8 17. Bxc5 Rxc5 18. Rd6 Qc8 19. Rad1 Nd5 20. h4 Nxc3 21. bxc3 Bd5 22. Qb1 Qc7 23. Rxd7 Qxd7 24. e4 Qxa4 25. exd5 exd5 26. Rd4 Qc6 27. Ne5 Qe6 28. Nd3 Rxc3 29. Nf4 Qc6 0-1

[Event "Titled Tuesday intern op 06th May Early"]
[Site "Chess.com INT"]
[Date "2025.05.06"]
[Round "8"]
[White "Goncharov, Vladimir"]
[Black "Wijerathna, Vinuka Dihain"]
[Result "0-1"]
[WhiteElo "2077"]
[BlackElo "2063"]
[PlyCount "88"]
[EventDate "2025.05.06"]
[EventType "swiss (blitz)"]
[EventRounds "11"]
[EventCountry "USA"]
[SourceTitle "CB20_2025"]
[SourceDate "2025.05.14"]
[SourceVersion "1"]
[SourceVersionDate "2025.05.14"]
[SourceQuality "1"]

1. d4 Nf6 2. c4 e6 3. Nf3 d5 4. g3 Bb4+ 5. Bd2 a5 6. Qc2 0-0 7. Bg2 b6 8. 0-0 Bb7 9. Bg5 Be7 10. Bxf6 Bxf6 11. cxd5 exd5 12. Nc3 Na6 13. Rad1 Re8 14. Rfe1 Qd7 15. h4 Rad8 16. e3 g6 17. a3 Qe7 18. Qb3 Qe6 19. Kh2 c5 20. Bh3 Qc6 21. Qb5 Nc7 22. Qxc6 Bxc6 23. Bg2 h5 24. Rd2 c4 25. Ng1 b5 26. Nh3 b4 27. axb4 axb4 28. Ne2 Ra8 29. Rc1 Ra2 30. Rdc2 Bd7 31. Nhf4 Bf5 32. Bxd5 Bxc2 33. Rxc2 Nxd5 34. Nxd5 Be7 35. Rxc4 Rxb2 36. Nef4 Rxf2+ 37. Kg1 Rb2 38. Rc7 Bd8 39. Rb7 b3 40. Kf1 Rb1+ 41. Ke2 b2 42. Rb8 Rh1 43. Rxb2 Rh2+ 44. Kf3 Rxb2 0-1

[Event "Titled Tuesday intern op 01st Apr Early"]
[Site "Chess.com INT"]
[Date "2025.04.01"]
[Round "10"]
[White "Abraham, John Z"]
[Black "Goncharov, Vladimir"]
[Result "1-0"]
[WhiteElo "2126"]
[BlackElo "2077"]
[PlyCount "95"]
[EventDate "2025.04.01"]
[EventType "swiss (blitz)"]
[EventRounds "11"]
[EventCountry "USA"]
[SourceTitle "CB15_2025"]
[SourceDate "2025.04.09"]
[SourceVersion "1"]
[SourceVersionDate "2025.04.09"]
[SourceQuality "1"]

1. c4 c5 2. Nf3 Nc6 3. g3 g6 4. Bg2 Bg7 5. 0-0 d6 6. Nc3 Bf5 7. d3 Qd7 8. Bd2 h5 9. h4 Bh3 10. Rb1 Bxg2 11. Kxg2 Nh6 12. a3 Nf5 13. b4 b6 14. Qa4 0-0 15. Nd5 Rad8 16. e4 Nfd4 17. Nxd4 Nxd4 18. Qd1 e6 19. Nf4 Kh7 20. Nh3 f5 21. Ng5+ Kg8 22. f3 d5 23. cxd5 exd5 24. bxc5 bxc5 25. Bf4 c4 26. exd5 c3 27. Rc1 Qxd5 28. Qa4 c2 29. Be3 Rc8 30. Bxd4 Bxd4 31. Rxc2 Rxc2+ 32. Qxc2 Rb8 33. Rb1 Re8 34. Qc4 Qxc4 35. dxc4 Re2+ 36. Kh3 Rc2 37. Rb8+ Kg7 38. Ne6+ Kf6 39. Nxd4 Rxc4 40. Nb5 Ra4 41. Ra8 a6 42. Nc7 Rxa3 43. Rxa6+ Rxa6 44. Nxa6 Ke5 45. f4+ Ke4 46. Nc5+ Kd5 47. Nd7 Ke6 48. Ne5 1-0

[Event "Titled Tuesday intern op 01st Apr Early"]
[Site "Chess.com INT"]
[Date "2025.04.01"]
[Round "5"]
[White "Goncharov, Vladimir"]
[Black "Bacrot, Etienne"]
[Result "0-1"]
[WhiteElo "2077"]
[BlackElo "2637"]
[PlyCount "64"]
[EventDate "2025.04.01"]
[EventType "swiss (blitz)"]
[EventRounds "11"]
[EventCountry "USA"]
[SourceTitle "CB15_2025"]
[SourceDate "2025.04.09"]
[SourceVersion "1"]
[SourceVersionDate "2025.04.09"]
[SourceQuality "1"]

1. d4 d5 2. c4 e6 3. Nf3 c6 4. e3 Nf6 5. Bd3 Nbd7 6. 0-0 Bd6 7. Nbd2 0-0 8. Qe2 e5 9. cxd5 cxd5 10. dxe5 Nxe5 11. Nxe5 Bxe5 12. Nf3 Bg4 13. h3 Bxf3 14. Qxf3 Rc8 15. Rb1 Re8 16. Rd1 Qa5 17. a3 Ne4 18. Qe2 Qb6 19. Bd2 Nc5 20. Be1 g6 21. Qd2 d4 22. exd4 Bxd4 23. Qb4 Qf6 24. Bb5 Re4 25. Qd2 a6 26. Bf1 Nb3 27. Qd3 Rxe1 28. Rxe1 Qxf2+ 29. Kh2 Qg1+ 30. Kg3 Bf2+ 31. Kf3 Nd4+ 32. Kg4 h5+ 0-1

[Event "Titled Tuesday intern op 01st Apr Early"]
[Site "Chess.com INT"]
[Date "2025.04.01"]
[Round "9"]
[White "Goncharov, Vladimir"]
[Black "Charyyev, Ilhan"]
[Result "0-1"]
[WhiteElo "2077"]
[BlackElo "2062"]
[PlyCount "94"]
[EventDate "2025.04.01"]
[EventType "swiss (blitz)"]
[EventRounds "11"]
[EventCountry "USA"]
[SourceTitle "CB15_2025"]
[SourceDate "2025.04.09"]
[SourceVersion "1"]
[SourceVersionDate "2025.04.09"]
[SourceQuality "1"]

1. d4 c5 2. d5 Nf6 3. Nc3 d6 4. e4 g6 5. h3 Bg7 6. Nf3 0-0 7. a4 e6 8. Be2 exd5 9. exd5 Ne8 10. 0-0 Nc7 11. Bf4 a6 12. Qd2 Bf5 13. Rfe1 Re8 14. Bf1 Bf8 15. g4 Bd7 16. Bg5 f6 17. Bf4 Rxe1 18. Rxe1 b5 19. Ne4 Ne8 20. axb5 axb5 21. Ng3 g5 22. Be3 h6 23. Bd3 Ng7 24. c3 Na6 25. Bb1 f5 26. gxf5 Qf6 27. Ne4 Qxf5 28. Nexg5 Qf6 29. Bh7+ Kh8 30. Nh4 hxg5 31. Ng6+ Kxh7 32. Nxf8+ Rxf8 33. Bxg5 Qf3 34. Re3 Qf5 35. Be7 Rf7 36. Bxd6 Qg6+ 37. Bg3 Nf5 38. Rd3 c4 39. Rf3 Nc5 40. Kh2 Ne4 41. Qf4 Nfxg3 42. Qh4+ Kg7 43. Rxf7+ Qxf7 44. f4 Bf5 45. Qd8 Qg6 46. d6 Nf1+ 47. Kh1 Nf2# 0-1

[Event "Titled Tuesday intern op 01st Apr Early"]
[Site "Chess.com INT"]
[Date "2025.04.01"]
[Round "3"]
[White "Goncharov, Vladimir"]
[Black "Gabrielian, Artur"]
[Result "0-1"]
[WhiteElo "2077"]
[BlackElo "2419"]
[PlyCount "62"]
[EventDate "2025.04.01"]
[EventType "swiss (blitz)"]
[EventRounds "11"]
[EventCountry "USA"]
[SourceTitle "CB15_2025"]
[SourceDate "2025.04.09"]
[SourceVersion "1"]
[SourceVersionDate "2025.04.09"]
[SourceQuality "1"]

1. d4 Nf6 2. c4 e6 3. Nf3 d5 4. g3 dxc4 5. Bg2 Bb4+ 6. Bd2 a5 7. 0-0 c5 8. Bg5 cxd4 9. Nxd4 0-0 10. a4 h6 11. Bc1 Na6 12. Na3 c3 13. Ndb5 cxb2 14. Bxb2 Qxd1 15. Rfxd1 Nc5 16. Nc4 Bd7 17. Nb6 Bxb5 18. axb5 Rad8 19. Nc4 Rxd1+ 20. Rxd1 a4 21. Ra1 Rd8 22. Bf3 Nd5 23. Rd1 Rd7 24. Ne5 Rc7 25. h4 a3 26. Ba1 Nb3 27. b6 Nxb6 28. Rd8+ Bf8 29. Ng6 fxg6 30. Be5 Rc8 31. Rd1 a2 0-1

[Event "Titled Tuesday intern op 01st Apr Early"]
[Site "Chess.com INT"]
[Date "2025.04.01"]
[Round "11"]
[White "Goncharov, Vladimir"]
[Black "Mateus, Martha"]
[Result "1-0"]
[WhiteElo "2077"]
[BlackElo "1967"]
[PlyCount "49"]
[EventDate "2025.04.01"]
[EventType "swiss (blitz)"]
[EventRounds "11"]
[EventCountry "USA"]
[SourceTitle "CB15_2025"]
[SourceDate "2025.04.09"]
[SourceVersion "1"]
[SourceVersionDate "2025.04.09"]
[SourceQuality "1"]

1. d4 Nf6 2. c4 e6 3. g3 d5 4. Bg2 Bb4+ 5. Nc3 0-0 6. Nf3 dxc4 7. 0-0 c5 8. dxc5 Bxc5 9. Qxd8 Rxd8 10. Ne5 Nbd7 11. Nxc4 Nb6 12. Na5 Bb4 13. Nxb7 Bxb7 14. Bxb7 Rab8 15. Ba6 Bxc3 16. bxc3 Na4 17. Bf4 Rb2 18. Rfd1 Rxd1+ 19. Rxd1 h6 20. Rd2 Rb6 21. Bd3 Nxc3 22. Rc2 Nfd5 23. Be5 Rc6 24. Be4 f6 25. Bxd5 1-0

[Event "Titled Tuesday intern op 01st Apr Early"]
[Site "Chess.com INT"]
[Date "2025.04.01"]
[Round "1"]
[White "Lim, Timothy Chien En"]
[Black "Goncharov, Vladimir"]
[Result "0-1"]
[WhiteElo "2044"]
[BlackElo "2077"]
[PlyCount "78"]
[EventDate "2025.04.01"]
[EventType "swiss (blitz)"]
[EventRounds "11"]
[EventCountry "USA"]
[SourceTitle "CB15_2025"]
[SourceDate "2025.04.09"]
[SourceVersion "1"]
[SourceVersionDate "2025.04.09"]
[SourceQuality "1"]

1. Nf3 Nf6 2. c4 e6 3. e3 d5 4. b3 c5 5. Bb2 Nc6 6. cxd5 exd5 7. Nc3 Be7 8. d4 0-0 9. Be2 Bg4 10. dxc5 Bxc5 11. 0-0 Re8 12. Rc1 Bd6 13. h3 Bh5 14. Nh4 Bxe2 15. Nxe2 Ne4 16. Nf5 Bf8 17. Nf4 g6 18. Nd4 Ne5 19. Nf3 Nxf3+ 20. gxf3 Ng5 21. h4 Ne6 22. Nxd5 Bg7 23. Bxg7 Kxg7 24. Rc4 b5 25. Rg4 h5 26. Rg3 Kh7 27. e4 Ng7 28. Qa1 Re6 29. Nf4 Rd6 30. Qc3 Qxh4 31. Nd5 Rad8 32. Rc1 Rxd5 33. exd5 Nf5 34. Rg2 Nd4 35. Qd3 Rxd5 36. Qe4 Qd8 37. Re1 Rd7 38. Qe8 Nxf3+ 39. Kh1 Qh4+ 0-1

[Event "Titled Tuesday intern op 01st Apr Early"]
[Site "Chess.com INT"]
[Date "2025.04.01"]
[Round "4"]
[White "Murawski, Jan"]
[Black "Goncharov, Vladimir"]
[Result "0-1"]
[WhiteElo "2079"]
[BlackElo "2077"]
[PlyCount "102"]
[EventDate "2025.04.01"]
[EventType "swiss (blitz)"]
[EventRounds "11"]
[EventCountry "USA"]
[SourceTitle "CB15_2025"]
[SourceDate "2025.04.09"]
[SourceVersion "1"]
[SourceVersionDate "2025.04.09"]
[SourceQuality "1"]

1. c4 c5 2. Nf3 Nc6 3. d4 cxd4 4. Nxd4 Nxd4 5. Qxd4 Nf6 6. g3 g6 7. Bg2 Bg7 8. 0-0 d6 9. Nc3 0-0 10. Bg5 Qa5 11. Qd2 Be6 12. Nd5 Qd8 13. Nxf6+ exf6 14. Bf4 Bxc4 15. Bxd6 Re8 16. Bxb7 Rb8 17. Bf3 Bf8 18. Rfd1 Bxd6 19. Qxd6 Qxd6 20. Rxd6 Rxb2 21. Rxf6 Bxe2 22. Bd5 Re7 23. Rc1 Kg7 24. Rf4 f5 25. Re1 Kf6 26. Ra4 Bf3 27. Ra6+ Kg5 28. h4+ Kh6 29. Rae6 Rxe6 30. Bxe6 a5 31. Bb3 Be4 32. Rc1 Kg7 33. Rc7+ Kf6 34. Rd7 h6 35. Rd6+ Ke5 36. Re6+ Kd4 37. f3 Bxf3 38. Rxg6 Ke3 39. Re6+ Be4 40. Bc4 Rb1+ 41. Bf1 Kf3 42. Rd6 Kxg3 43. Rg6+ Kf3 44. Rd6 a4 45. Rd2 a3 46. Rh2 Bd3 47. Rh3+ Ke4 48. Kh2 Rxf1 49. Rg3 Rf2+ 50. Kg1 Rf4 51. h5 Rg4 0-1

[Event "Titled Tuesday intern op 25th Mar Early"]
[Site "Chess.com INT"]
[Date "2025.03.25"]
[Round "10"]
[White "Goncharov, Vladimir"]
[Black "Klukin, Kirill"]
[Result "1-0"]
[WhiteElo "2077"]
[BlackElo "2430"]
[PlyCount "97"]
[EventDate "2025.03.25"]
[EventType "swiss (blitz)"]
[EventRounds "11"]
[EventCountry "USA"]
[SourceTitle "CB14_2025"]
[SourceDate "2024.11.01"]
[SourceVersion "1"]
[SourceVersionDate "2024.11.01"]
[SourceQuality "1"]

1. d4 e6 2. c4 f5 3. g3 Nf6 4. Bg2 c6 5. Nf3 d5 6. 0-0 Bd6 7. Bf4 Bxf4 8. gxf4 0-0 9. Nbd2 Nbd7 10. Ne5 Ne4 11. Ndf3 Ndf6 12. e3 Bd7 13. Ne1 Be8 14. f3 Nd6 15. Qc2 Qe7 16. N1d3 Kh8 17. b4 b5 18. c5 Nc4 19. Nxc4 dxc4 20. Ne5 Nd5 21. Qd2 c3 22. Qe1 g5 23. fxg5 Qxg5 24. f4 Qg7 25. Kh1 Nxb4 26. Qxc3 a5 27. a3 Nd5 28. Bxd5 exd5 29. Rg1 Qf6 30. Rg3 Ra7 31. Rag1 Bh5 32. Qd2 Bg4 33. h3 Qh4 34. Qh2 Bh5 35. Nxc6 Ra6 36. Qg2 Bg6 37. Ne5 b4 38. axb4 axb4 39. Qxd5 b3 40. Qxb3 Raf6 41. d5 Bf7 42. Qd3 Bg6 43. d6 Be8 44. d7 Bxd7 45. Qxd7 Rg6 46. Nxg6+ hxg6 47. c6 Rg8 48. c7 Rg7 49. c8Q+ 1-0

[Event "Titled Tuesday intern op 11th Mar Late"]
[Site "Chess.com INT"]
[Date "2025.03.11"]
[Round "3"]
[White "Goncharov, Vladimir"]
[Black "Orshonova, Elena"]
[Result "1-0"]
[WhiteElo "2077"]
[BlackElo "1948"]
[PlyCount "53"]
[EventDate "2025.03.11"]
[EventType "swiss (blitz)"]
[EventRounds "11"]
[EventCountry "USA"]
[SourceTitle "CB12_2025"]
[SourceDate "2025.03.19"]
[SourceVersion "1"]
[SourceVersionDate "2025.03.19"]
[SourceQuality "1"]

1. d4 d5 2. c4 c6 3. cxd5 cxd5 4. Nc3 Nf6 5. Bf4 e6 6. e3 Bb4 7. Rc1 0-0 8. Bd3 Nc6 9. Nge2 a6 10. h3 Ne7 11. 0-0 Ng6 12. Bh2 Bd6 13. Bxd6 Qxd6 14. Na4 Bd7 15. Nc5 b5 16. b4 Rfe8 17. Qb3 e5 18. Bxg6 hxg6 19. dxe5 Rxe5 20. Rfd1 Rg5 21. Nf4 Nh5 22. Ne4 Nxf4 23. Nxd6 Rxg2+ 24. Kf1 Bxh3 25. Ke1 Ne6 26. Qxd5 Rd8 27. Rc8 1-0

[Event "Titled Tuesday intern op 11th Feb Early"]
[Site "Chess.com INT"]
[Date "2025.02.11"]
[Round "6"]
[White "Chua, Alexander J"]
[Black "Goncharov, Vladimir"]
[Result "0-1"]
[WhiteElo "2308"]
[BlackElo "2077"]
[PlyCount "94"]
[EventDate "2025.02.11"]
[EventType "swiss (blitz)"]
[EventRounds "11"]
[EventCountry "USA"]
[SourceTitle "CB08_2025"]
[SourceDate "2025.02.19"]
[SourceVersion "1"]
[SourceVersionDate "2025.02.19"]
[SourceQuality "1"]

1. Nf3 Nf6 2. c4 c5 3. g3 Nc6 4. Bg2 d6 5. 0-0 g6 6. a3 Bg7 7. d4 cxd4 8. Nxd4 Bd7 9. e3 0-0 10. b4 Nxd4 11. exd4 d5 12. c5 a5 13. Bb2 b6 14. Nc3 e6 15. b5 Qc7 16. c6 Bc8 17. Re1 Re8 18. Bc1 Bf8 19. Na4 h6 20. Bf4 Qd8 21. c7 Qe7 22. Nxb6 Ra7 23. Nxc8 Rxc8 24. Qd2 Nd7 25. Bxd5 g5 26. Bxe6 fxe6 27. d5 e5 28. b6 Nxb6 29. Bxe5 Qf7 30. Rad1 Nc4 31. Qd4 Nxe5 32. Qxe5 Raxc7 33. d6 Rd7 34. Qxa5 Bxd6 35. Qa4 Rcd8 36. Re2 Bc5 37. Rxd7 Rxd7 38. Qc6 Bf8 39. h4 gxh4 40. gxh4 Rd6 41. Qe4 Rg6+ 42. Kf1 Qf6 43. Qd5+ Kh7 44. a4 Qxh4 45. Qf7+ Bg7 46. Re7 Qxa4 47. Qf5 Qd1+ 0-1

[Event "Titled Tuesday intern op 11th Feb Early"]
[Site "Chess.com INT"]
[Date "2025.02.11"]
[Round "2"]
[White "Goncharov, Vladimir"]
[Black "Caku, Kler"]
[Result "1-0"]
[WhiteElo "2077"]
[BlackElo "2036"]
[PlyCount "81"]
[EventDate "2025.02.11"]
[EventType "swiss (blitz)"]
[EventRounds "11"]
[EventCountry "USA"]
[SourceTitle "CB08_2025"]
[SourceDate "2025.02.19"]
[SourceVersion "1"]
[SourceVersionDate "2025.02.19"]
[SourceQuality "1"]

1. d4 d5 2. c4 e6 3. Nf3 Nf6 4. Nc3 Be7 5. Bg5 0-0 6. e3 h6 7. Bh4 Nbd7 8. Rc1 c6 9. cxd5 exd5 10. Bd3 Re8 11. Qc2 Ne4 12. Bxe7 Qxe7 13. 0-0 a5 14. Bxe4 dxe4 15. Nd2 f5 16. Na4 Nf6 17. Qc5 Nd5 18. Qxe7 Rxe7 19. g3 Nb4 20. a3 Nd3 21. Rc2 Be6 22. Nb6 Ra6 23. Na4 Bd5 24. b3 g5 25. Nc5 Nxc5 26. Rxc5 b6 27. Rc3 a4 28. b4 b5 29. f3 exf3 30. Nxf3 Be4 31. Ne5 Re6 32. Rc5 Kg7 33. Kf2 Kf6 34. Ke2 g4 35. Nxg4+ Kg5 36. Nf2 Bd5 37. Nd3 Bc4 38. Rfxf5+ Kg4 39. Kf2 Bxd3 40. Rf4+ Kh3 41. Rh4# 1-0

[Event "Titled Tuesday intern op 11th Feb Early"]
[Site "Chess.com INT"]
[Date "2025.02.11"]
[Round "3"]
[White "Kuandykuly, Danis"]
[Black "Goncharov, Vladimir"]
[Result "0-1"]
[WhiteElo "2151"]
[BlackElo "2077"]
[PlyCount "74"]
[EventDate "2025.02.11"]
[EventType "swiss (blitz)"]
[EventRounds "11"]
[EventCountry "USA"]
[SourceTitle "CB08_2025"]
[SourceDate "2025.02.19"]
[SourceVersion "1"]
[SourceVersionDate "2025.02.19"]
[SourceQuality "1"]

1. e4 e6 2. d4 d5 3. Nd2 Nf6 4. e5 Nfd7 5. Bd3 c5 6. c3 Nc6 7. Ne2 cxd4 8. cxd4 f6 9. exf6 Qxf6 10. Nf3 Bd6 11. 0-0 h6 12. a3 0-0 13. Bc2 Rd8 14. Qd3 Nf8 15. b4 Bd7 16. Bd2 Be8 17. b5 Bg6 18. Qb3 Ne7 19. Bb4 Bh5 20. Bxd6 Rxd6 21. Qb4 Bxf3 22. Qxd6 Bxe2 23. Rfe1 Bxb5 24. Re5 Rc8 25. Bb3 Neg6 26. Re3 Qxd4 27. Rae1 Rc3 28. h3 Bc6 29. Rxc3 Qxc3 30. Re3 Qa1+ 31. Kh2 Qd4 32. g3 Qf6 33. Re2 Qf3 34. Rb2 d4 35. Bxe6+ Nxe6 36. Qxe6+ Kh7 37. Rb1 Qg2# 0-1